Another way to ride the business cycle (Record no. 69262)

MARC details
000 -LEADER
fixed length control field 01463cam a2200265 4500
001 - CONTROL NUMBER
control field ABS64949
008 - FIXED-LENGTH DATA ELEMENTS--GENERAL INFORMATION
fixed length control field 020114n2001 000 0 eng u
035 ## - SYSTEM CONTROL NUMBER
System control number (Sirsi) u116274
100 ## - MAIN ENTRY--PERSONAL NAME
Personal name Allen, L
245 ## - TITLE STATEMENT
Title Another way to ride the business cycle
260 ## - PUBLICATION, DISTRIBUTION, ETC.
Date of publication, distribution, etc. 2001
490 ## - SERIES STATEMENT
Series statement Estates Gazette
Volume/sequential designation (0149) 8 December 2001, 102-103(2)
520 ## - SUMMARY, ETC.
Summary, etc. Considers the trend among some agencies to move away from combined 'business space' teams to office and industrial specialists. Looks at how the Use Classes Order 1987 facilitated easy movement between business uses within commercial property, and suggests that teams tend to merge in good economic conditions. Considers the current climate with the slowdown of the IT and telecommunications industries and a stronger industrial sector, and suggests that these factors have encouraged some companies to separate their industrial and office teams. Discusses the pros and cons of both approaches and presents views from key industry players including Knight Frank, Insignia Richard Ellis, CB Hillier Parker, Chesterton and FPDSavills.
590 ## - LOCAL NOTE (RLIN)
Local note ABS
650 ## - SUBJECT ADDED ENTRY--TOPICAL TERM
Topical term or geographic name entry element PROPERTY-COMMERCIAL PROPERTY
650 ## - SUBJECT ADDED ENTRY--TOPICAL TERM
Topical term or geographic name entry element TOWN AND COUNTRY PLANNING (USE CLASSES) ORDER 1987
650 ## - SUBJECT ADDED ENTRY--TOPICAL TERM
Topical term or geographic name entry element BUSINESS SPACE
650 ## - SUBJECT ADDED ENTRY--TOPICAL TERM
Topical term or geographic name entry element SPECIALISMS
650 ## - SUBJECT ADDED ENTRY--TOPICAL TERM
Topical term or geographic name entry element ORGANISATION
650 ## - SUBJECT ADDED ENTRY--TOPICAL TERM
Topical term or geographic name entry element OFFICE SECTOR
650 ## - SUBJECT ADDED ENTRY--TOPICAL TERM
Topical term or geographic name entry element AGENCY
650 ## - SUBJECT ADDED ENTRY--TOPICAL TERM
Topical term or geographic name entry element INDUSTRIAL SECTOR
690 ## - LOCAL SUBJECT ADDED ENTRY--TOPICAL TERM (OCLC, RLIN)
Topical term or geographic name as entry element PROPERTY AND LAND LAW-AGENCY-COMMERCIAL
942 ## - ADDED ENTRY ELEMENTS (KOHA)
Suppress in OPAC 0
Holdings
Withdrawn status Lost status Source of classification or shelving scheme Damaged status Not for loan Home library Current library Shelving location Date acquired Total Checkouts Full call number Barcode Date last seen Copy number Price effective from Koha item type
    Dewey Decimal Classification     London London Journal article 14/01/2002   ABS64949 116274-1001 06/08/2019 1 06/08/2019 Journal article